US States by coastline - Statistics

General Stats
  • This quiz has been taken 306 times
  • The average score is 21 of 23
Answer Stats
Miles State % Correct
840 California
99%
1 350 Florida
98%
301 North Carolina
97%
296 Oregon
97%
367 Texas
97%
157 Washington
97%
187 South Carolina
95%
6 640 Alaska
94%
127 New York
94%
53 Alabama
92%
100 Georgia
91%
282 Maine
91%
750 Hawaii
90%
397 Louisiana
90%
40 Rhode Island
90%
112 Virginia
90%
130 New Jersey
87%
51 Maryland
86%
192 Massachusetts
85%
44 Mississippi
85%
96 Connecticut
84%
28 Delaware
83%
13 New Hampshire
79%
No matching quizzes found
Score Distribution
Percent of People with Each Score
Percentile by Number Answered
Your Score History
You have not taken this quiz